Flags of Countries that No Longer Exist - Statistics

General Stats
  • This quiz has been taken 6,967 times
  • The average score is 7 of 12
Answer Stats
Hint Answer % Correct
HTML tutorial Soviet Union
96%
HTML tutorial Czechoslovakia
85%
HTML tutorial East Germany
82%
HTML tutorial Yugoslavia
81%
HTML tutorial Texas
77%
HTML tutorial Austria-Hungary
71%
HTML tutorial Tibet
56%
HTML tutorial Hawaii
51%
HTML tutorial South Vietnam
38%
HTML tutorial Confederate States
32%
HTML tutorial Venice
26%
HTML tutorial Byzantine Empire
13%
No matching quizzes found
Score Distribution
Percent of People with Each Score
Percentile by Number Answered
Your Score History
You have not taken this quiz